000 01049cam a2200217 4500
001 WB3605-32
008 000000n2000 000 0 eng u
035 _a(Sirsi) u103956
245 _aSolicitor's negligence
260 _c2000
490 _aEstates Gazette Case Summaries
_v [2000] EGCS 2(2)
520 _a"Portman BS v Bevan Ashford and others". CA 20 December 1999. Bevan Ashford negligently failed to reveal to client lender information casting doubt upon the reliability of the borrower. Discusses whether Portman (the lender) is entitled to recover the whole of the loss including internal costs or nominal damages and the measure of these damages. The lender was awarded the whole of their loss, excluding internal costs. BA's appeal was dismissed. Cross-appeal allowed.
590 _aWB
650 _aMEASURE OF DAMAGES
650 _aPORTMAN BUILDING SOCIETY V BEVAN ASHFORD AND OTHERS
650 _aCOSTS
650 _aSOLICITORS
650 _aNEGLIGENCE
690 _aPROFESSIONAL PRACTICE-NEGLIGENCE-CASE LAW
942 _n0
999 _c62390
_d62390